Państwa Europy po fladze jednostki administracyjnej - Statystyki

Ogólne statystyki
  • Ten quiz został rozwiązany 79 razy
  • Średni wynik to 8 z 43
Statystyki odpowiedzi
Obrazkowy Odpowiedź % Poprawnych
Wielka Brytania
83%
Andora
78%
Hiszpania
61%
Niemcy
58%
Czechy
50%
Białoruś
44%
Belgia
39%
Bośnia i Hercegowina
31%
Polska
28%
San Marino
28%
Włochy
28%
Francja
22%
Szwecja
22%
Islandia
21%
Niderlandy
21%
Ukraina
19%
Norwegia
18%
Portugalia
15%
Litwa
13%
Rosja
13%
Szwajcaria
13%
Węgry
13%
Estonia
11%
Słowacja
10%
Rumunia
8%
Dania
7%
Finlandia
7%
Irlandia
7%
Serbia
7%
Chorwacja
6%
Czarnogóra
6%
Słowenia
6%
Liechtenstein
4%
Macedonia Północna
4%
Malta
4%
Mołdowa
4%
Austria
3%
Bułgaria
3%
Grecja
3%
Łotwa
3%
Luksemburg
3%
Albania
1%
Naddniestrze
1%
Nie znaleziono quizów pasujących do podanych kryteriów
Rozkład punktacji
Procent ludzi z każdym wynikiem
Percentyl według liczby udzielonych odpowiedzi
Twoja historia wyników
Nie rozwiązałeś tego quizu